000 00269nam a2200097Ia 4500
001 652703
005 20250826154443.0
008 250824s9999 xx 000 0 und d
245 0 _aECE YÜCE/ ECE NİN KARDEŞİ DOĞDU
_cGÜLTEN DAYIOĞLU
260 _bALTIN KİTAP YAYINLARI
999 _c652703
_d652703